CAA Football Schools By State - Statistics

General Stats
  • This quiz has been taken 11 times
  • The average score is 10 of 15
Answer Stats
Hint Answer % Correct
Delaware Delaware
100%
Maine Maine
100%
New Hampshire New Hampshire
89%
North Carolina Elon
78%
Maryland Towson
78%
Virginia William & Mary
78%
North Carolina Campbell
56%
New Jersey Monmouth
56%
Rhode Island Rhode Island
56%
New York Stony Brook
56%
New York Albany
44%
Virginia Hampton
44%
North Carolina North Carolina A&T
44%
Virginia Richmond
44%
Pennsylvania Villanova
44%
No matching quizzes found
Score Distribution
Percent of People with Each Score
Percentile by Number Answered
Your Score History
You have not taken this quiz